Southville International School and Colleges
Your cart is empty.
  • Cart
  • Lists
    Public lists Eva Luna New books Lux_list list_1
    Your lists Log in to create your own lists
  • Log in to your account
  • Your cookies
  • Search history
Southville International School and Colleges
  • Advanced search
  • Recent comments
  • Most popular
  • Libraries

Log in to your account

Log in with GOOGLE


If you do not have an external account, but do have a local account, you can still log in:

  1. Home
  2. MARC view: Partnership and corporation accounting (a procedural approach) /
Normal view MARC view ISBD view

Partnership and corporation accounting (a procedural approach) / (Record no. 335257)

[ view plain ]
MARC details
000 -LEADER
fixed length control field 00547nam a22001697a 4500
003 - CONTROL NUMBER IDENTIFIER
control field SISC
005 - DATE AND TIME OF LATEST TRANSACTION
control field 20170629141201.0
008 - FIXED-LENGTH DATA ELEMENTS--GENERAL INFORMATION
fixed length control field 170629b xxu||||| |||| 00| 0 eng d
020 ## - INTERNATIONAL STANDARD BOOK NUMBER
International Standard Book Number 9789719804376
050 ## - LIBRARY OF CONGRESS CALL NUMBER
Classification number HF 5689.P255
Item number .Ad38 2016
100 ## - MAIN ENTRY--PERSONAL NAME
Personal name Aduana, Nick L.
245 ## - TITLE STATEMENT
Title Partnership and corporation accounting (a procedural approach) /
Statement of responsibility, etc Nick L. Aduana.
260 ## - PUBLICATION, DISTRIBUTION, ETC. (IMPRINT)
Place of publication, distribution, etc Quezon City :
Name of publisher, distributor, etc C & E Publishing, Inc.,
Date of publication, distribution, etc 2016.
300 ## - PHYSICAL DESCRIPTION
Extent xi, 388 pages ;
Dimensions 28 cm.
500 ## - GENERAL NOTE
General note Includes bibliographical references and index.
942 ## - ADDED ENTRY ELEMENTS (KOHA)
Source of classification or shelving scheme Library of Congress Classification
Koha item type Books
Holdings
Withdrawn status Lost status Source of classification or shelving scheme Damaged status Home library Current library Shelving location Date acquired Source of acquisition Sub Shelving location Total Checkouts Full call number Barcode Date last seen Price effective from Koha item type
    Library of Congress Classification   College Library College Library Filipiniana Section 06/29/2017 Library Fund     HF 5689.P255 .Ad38 2016 C20977 05/08/2018 06/29/2017 Books

Partnership and corporation accounting (a procedural approach) /

APA

Aduana N. L., . (2016). Partnership and corporation accounting (a procedural approach). Quezon City: C & E Publishing, Inc.

Chicago

Aduana Nick L, . 2016. Partnership and corporation accounting (a procedural approach). Quezon City: C & E Publishing, Inc.

Harvard

Aduana N. L., . (2016). Partnership and corporation accounting (a procedural approach). Quezon City: C & E Publishing, Inc.

MLA

Aduana Nick L, . Partnership and corporation accounting (a procedural approach). Quezon City: C & E Publishing, Inc. 2016.

  • Place hold
  • Print
  • Cite
  • Add to your cart (remove)
  • Save record
    BIBTEX Dublin Core MARCXML MARC (non-Unicode/MARC-8) MARC (Unicode/UTF-8) MARC (Unicode/UTF-8, Standard) MODS (XML) RIS
  • More searches
    Search for this title in:
    Other Libraries (WorldCat) Other Databases (Google Scholar) Online Stores (Bookfinder.com) Open Library (openlibrary.org)

Exporting to Dublin Core...

SOUTHVILLE LIBRARY

Southville International School and Colleges Library

1281 Tropical Ave. Cor. Luxembourg St., BF Homes International, Las Pinas City

Tel. No. 8256374 / 252358 Loc. 117/146

Powered by Koha